000 00693nam a2200289Ia 4500
005 20260324111807.0
008 008 260324s9999 xx 000 0 eng d
020 _a9781003493679
037 _aEBOOK
040 _aCRL
040 _beng
040 _cCRL
041 _2eng
041 _aeng
084 _qCRL
100 _aHemant Ishwaran
_91140046
245 0 _aMultivariate Statistics
245 0 _bClassical Foundations and Modern Machine Learning
260 _bTaylor and Francis
260 _c2025
365 _a
365 _b260
856 _uhttp://www.taylorfrancis.com/books/9781003493679
942 _cEBOOK
999 _c1728970
_d1728970